| 000 | 00762nam a22002172 4500 | ||
|---|---|---|---|
| 001 | 0000013567 | ||
| 005 | 20151217152125.0 | ||
| 008 | 090924s xx 000 0 eng d | ||
| 020 | _a0815716176 : | ||
| 040 |
_aKABU _cKABU |
||
| 100 | 1 |
_aCrandall, Robert W. _@0000171013 |
|
| 245 | 1 | 0 |
_aCompetition and chaos : _bU. S. telecommunications since the 1996 Telcom Act / _cRobert W. Crandall. |
| 250 | _a1st ed. | ||
| 260 |
_aWashington, D. C. : _bBrookings Institution Press, _c2005. |
||
| 300 | _aix, 212 p. | ||
| 650 | 0 |
_aTelecommunication policy _zUnited States. _@0000171014 |
|
| 650 | 0 |
_aTelecommunication _xDeregulation. _zUnited States. _@0000171015 |
|
| 852 | 1 | _9p2990 KES | |
| 908 | _a090924 | ||
| 950 | _@1 | ||
| 999 |
_c8523 _d8523 |
||